[Event "1. liga - V 17/18"]
[Site ""]
[Date "2018.01.07"]
[Round "5.2"]
[White "Karasek, Lukas"]
[Black "Vesselovsky, Serguei"]
[Result "1/2-1/2"]
[WhiteElo "2292"]
[BlackElo "2332"]
[PlyCount "0"]
[WhiteTeam "SK Gordic"]
[BlackTeam "BSS Frydek-Mistek "B""]
[EventDate "2017.10.22"]

1. Nf3 c5 2. c4 Nc6 3. d4 cxd4 4. Nxd4 Nf6 5. Nc3 e6 6. e4 Bb4 7. Nxc6 dxc6 8.
Qc2 e5 9. Be2 O-O 10. O-O Be6 11. Be3 Ng4 12. Bxg4 Bxg4 13. a3 Be7 14. f3 Be6
15. Rfd1 Qa5 16. Na4 b6 17. b4 Qa6 18. Nb2 Rfd8 19. Qc3 f6 20. Rac1 Qb7 21.
Rxd8+ Rxd8 22. Rd1 Rxd1+ 23. Nxd1 Kf7 1/2-1/2

[Event "1. liga - V 17/18"]
[Site ""]
[Date "2018.01.07"]
[Round "5.3"]
[White "Rabatin, Jakub"]
[Black "Piza, Vlastimil"]
[Result "1-0"]
[WhiteElo "2254"]
[BlackElo "2250"]
[PlyCount "0"]
[WhiteTeam "BSS Frydek-Mistek "B""]
[BlackTeam "SK Gordic"]
[EventDate "2017.10.22"]

1. e4 c5 2. Nf3 d6 3. d4 cxd4 4. Nxd4 Nf6 5. Nc3 a6 6. Be2 e5 7. Nb3 Be6 8. O-O
Nbd7 9. a4 Be7 10. Be3 O-O 11. f3 Nb6 12. a5 Nc4 13. Bxc4 Bxc4 14. Rf2 Qc7 15.
Rd2 Qc6 16. Nc1 Rfc8 17. Nd3 Bxd3 18. Rxd3 Bf8 19. b3 Nd7 20. Ra2 b5 21. Nd5
Rab8 22. c3 Qb7 23. g3 Re8 24. g4 Rbc8 25. Qe1 Nc5 26. Bxc5 Rxc5 27. b4 Rc6 28.
g5 Re6 29. Rg2 Be7 30. h4 Bd8 31. Rg4 f6 32. Qg3 fxg5 33. hxg5 Qf7 34. f4 exf4
35. Rxf4 Qg6 36. Rdf3 Re8 37. Rf5 Rc4 38. Nf4 1-0

[Event "1. liga - V 17/18"]
[Site ""]
[Date "2018.01.07"]
[Round "5.4"]
[White "Haba, Zdenek"]
[Black "Novosadova, Kristyna"]
[Result "1-0"]
[WhiteElo "2171"]
[BlackElo "2245"]
[PlyCount "0"]
[WhiteTeam "SK Gordic"]
[BlackTeam "BSS Frydek-Mistek "B""]
[EventDate "2017.10.22"]

1. d4 Nf6 2. Bg5 Ne4 3. Bf4 d5 4. e3 c5 5. Nd2 Qa5 6. c3 Nxd2 7. Qxd2 c4 8. e4
Nc6 9. Be2 e5 10. dxe5 dxe4 11. Bxc4 Nxe5 12. Bxe5 Qxe5 13. Qe2 Bc5 14. Bb5+
Kf8 15. Nf3 Qe7 16. Nd2 Bf5 17. Nb3 Bb6 18. O-O a6 19. Bc4 Re8 20. Nd4 Bc8 21.
Qe3 Bc7 22. Bb3 Qh4 23. g3 Qh3 24. Ne2 Bg4 25. Nf4 Qh6 26. Nd5 Qxe3 27. Nxe3
Be2 28. Rfe1 Bd3 29. Rad1 g6 30. Bc4 Rd8 31. Bxd3 exd3 32. c4 Ba5 33. Rf1 b5
34. a3 bxc4 35. Nxc4 Bc7 36. f4 Rd4 37. b3 Kg7 38. Rf3 Rhd8 39. Rd2 Kf6 40. Kf1
Kf5 41. Re3 h5 42. Nb2 Re4 43. Rexd3 Rde8 44. Nc4 Kg4 45. Rd7 Bb8 46. Rxf7 Kh3
47. Kf2 Kxh2 48. Kf3+ Kh3 49. Rd1 Kh2 50. Rfd7 Re2 51. R1d2 Rxd2 52. Rxd2+ Kh3
53. Rd1 Kh2 54. Ne3 Ba7 55. Rd2+ Kg1 56. Rd1+ Kh2 57. Rd2+ Kg1 58. Rd1+ Kh2 59.
Nf1+ Kg1 60. Nd2+ Kh2 61. Ne4 Rc8 62. Rd2+ Kh1 63. Rd6 Rc1 64. Rxa6 Bg1 65.
Rxg6 Rb1 66. Nf2+ Kh2 67. Nd3 Rxb3 68. Ke4 Rxa3 69. Rg5 Ra2 70. Rxh5+ Kxg3 71.
Rg5+ Kh2 72. Ne5 Ra4+ 73. Kf5 Be3 74. Ng4+ 1-0

[Event "1. liga - V 17/18"]
[Site ""]
[Date "2018.01.07"]
[Round "5.5"]
[White "Stepan, Patrik"]
[Black "Seidl, Stepan"]
[Result "1/2-1/2"]
[WhiteElo "2216"]
[BlackElo "2188"]
[PlyCount "0"]
[WhiteTeam "BSS Frydek-Mistek "B""]
[BlackTeam "SK Gordic"]
[EventDate "2017.10.22"]

1. d4 Nf6 2. c4 g6 3. Nc3 d5 4. cxd5 Nxd5 5. e4 Nxc3 6. bxc3 Bg7 7. Be3 c5 8.
Qd2 O-O 9. Rc1 e6 10. Nf3 b6 11. Bd3 Ba6 12. Bxa6 Nxa6 13. O-O Rc8 14. Bh6 Qe7
15. Bxg7 Kxg7 16. Qe2 Nb8 17. Rfd1 Nd7 18. e5 Rfd8 19. Nd2 cxd4 20. cxd4 Rxc1
21. Rxc1 Qa3 22. Rc2 Nb8 23. Nb3 Rd5 24. h4 h5 25. Rc8 Nd7 26. Qc2 a5 27. Ra8
Nf8 28. Qc8 Qe7 29. Qb8 b5 30. Rxa5 Qxh4 31. Rxb5 Qe4 32. Rxd5 Qe1+ 33. Kh2
exd5 34. Qb5 Qxf2 35. Qxd5 Qh4+ 36. Kg1 Qe1+ 37. Kh2 Qh4+ 38. Kg1 1/2-1/2

[Event "1. liga - V 17/18"]
[Site ""]
[Date "2018.01.07"]
[Round "5.6"]
[White "Zigo, Viktor"]
[Black "Kanakova, Natalie"]
[Result "1-0"]
[WhiteElo "2248"]
[BlackElo "2238"]
[PlyCount "0"]
[WhiteTeam "SK Gordic"]
[BlackTeam "BSS Frydek-Mistek "B""]
[EventDate "2017.10.22"]

1. e4 c5 2. Nf3 g6 3. g3 Bg7 4. Bg2 Nc6 5. O-O d6 6. h3 e6 7. Re1 Nge7 8. c3
Qa5 9. Na3 O-O 10. Nc4 Qc7 11. d3 b5 12. Ne3 b4 13. d4 Rb8 14. Ng4 f5 15. exf5
gxf5 16. dxc5 dxc5 17. Bf4 Qb6 18. Nge5 Rb7 19. Ng5 h6 20. Nxc6 hxg5 21. Nxe7+
Rxe7 22. Bxg5 Rd7 23. Qc2 bxc3 24. bxc3 c4 25. Rad1 Qa5 26. Rxd7 Bxd7 27. Qd2
Bc8 28. Rc1 Qb5 29. Qd6 Qb2 30. Qd2 Qa3 31. Bf4 Qa5 32. Qe2 Qb5 33. Bf1 Bd7 34.
Qxc4 Qxc4 35. Bxc4 Rc8 36. Ba6 Rxc3 37. Rxc3 Bxc3 38. Be3 Bb4 39. Bxa7 Ba3 40.
Bc4 Kf7 41. Bd4 Kg6 42. f4 Kh5 43. Kf2 Kg6 44. Be5 Kh5 45. Be2+ Kg6 46. g4 fxg4
47. hxg4 Kf7 48. Bc4 Kg6 49. Kg3 Kh7 50. Kh4 Be7+ 51. g5 Ba3 52. Bb3 Bb4 53. a4
Be1+ 54. Kg4 Ba5 55. Bc2+ Kg8 56. Kh5 Bb4 57. g6 Be8 58. Bb3 Bd7 59. f5 1-0

[Event "1. liga - V 17/18"]
[Site ""]
[Date "2018.01.07"]
[Round "5.7"]
[White "Weissmann, Lukas"]
[Black "Brychta, David"]
[Result "1-0"]
[WhiteElo "2160"]
[BlackElo "2160"]
[PlyCount "0"]
[WhiteTeam "BSS Frydek-Mistek "B""]
[BlackTeam "SK Gordic"]
[EventDate "2017.10.22"]

1. e4 c5 2. Nf3 e6 3. b3 a6 4. Bb2 Nf6 5. e5 Ng4 6. h3 Nh6 7. Bd3 Be7 8. O-O
Nc6 9. Nc3 f5 10. exf6 Bxf6 11. Qe2 d5 12. Na4 Bxb2 13. Nxb2 O-O 14. c3 Nf7 15.
c4 Qa5 16. Nd1 Rb8 17. Ne3 Rd8 18. cxd5 exd5 19. Nxd5 Bxh3 20. Qe4 Bd7 21.
Qxh7+ Kf8 22. Nf4 Nce5 23. Nxe5 Nxe5 24. Qh8+ 1-0

[Event "1. liga - V 17/18"]
[Site ""]
[Date "2018.01.07"]
[Round "5.8"]
[White "Hron, Robert"]
[Black "Beluska, Tereza"]
[Result "1-0"]
[WhiteElo "2059"]
[BlackElo "1995"]
[PlyCount "0"]
[WhiteTeam "SK Gordic"]
[BlackTeam "BSS Frydek-Mistek "B""]
[EventDate "2017.10.22"]

1. d4 e6 2. c4 Nf6 3. g3 Bb4+ 4. Bd2 c5 5. Bxb4 cxb4 6. Bg2 O-O 7. Nf3 d5 8.
Qb3 Nc6 9. O-O Na5 10. Qxb4 Nxc4 11. Nbd2 a5 12. Qc3 Nxd2 13. Nxd2 b6 14. Rfc1
Ba6 15. e3 Rc8 16. Qb3 Qd6 17. a3 h6 18. Nf3 Ne4 19. Ne5 Nd2 20. Qd1 Rxc1 21.
Rxc1 Nc4 22. Nxc4 Bxc4 23. Qa4 Rb8 24. Bf1 Bxf1 25. Kxf1 Qe7 26. Qc6 Rb7 27.
Rc3 b5 28. Rc5 b4 29. Rxa5 bxa3 30. bxa3 Rb1+ 31. Kg2 Rb2 32. Qc3 Rb7 33. Ra8+
Kh7 34. Qc2+ f5 35. Qc8 Qf7 36. h4 h5 37. a4 Kg6 38. a5 Rc7 39. Qd8 Ra7 40.
Qg5+ Kh7 41. Rxa7 Qxa7 42. Qxh5+ Kg8 43. Qe8+ Kh7 44. Qxe6 Qxa5 45. Qxf5+ Kg8
46. g4 Qd8 47. g5 Kh8 48. h5 1-0

[Event "1. liga - V 17/18, Brno-Gordic"]
[Site ""]
[Date "2018.01.21"]
[Round "6.1"]
[White "Kratochvil, Josef"]
[Black "Zwardon, Vojtech"]
[Result "1/2-1/2"]
[WhiteElo "2263"]
[BlackElo "2412"]
[PlyCount "0"]
[WhiteTeam "Lokomotiva Brno A"]
[BlackTeam "SK Gordic"]
[EventDate "2017.10.22"]

1. d4 Nf6 2. Nf3 e6 3. Bf4 b6 4. e3 Bb7 5. Bd3 h6 6. h3 g5 7. Bh2 d6 8. Nbd2
Nbd7 9. Qe2 Bg7 10. Ba6 Qc8 11. Bxb7 Qxb7 12. a4 a6 13. O-O g4 14. hxg4 Nxg4
15. Bg3 Bf6 16. c4 a5 17. Rad1 h5 18. Nh2 O-O-O 19. Nxg4 hxg4 20. Qxg4 Rh7 21.
Qe4 Rdh8 22. Qxb7+ Kxb7 23. f4 Rg8 24. Rf3 Rhg7 25. Nf1 Be7 26. Rd2 Nf6 27. Re2
Rh7 28. e4 Rgh8 29. Kf2 Rh1 30. Ke3 Rg1 31. Kd3 Rg8 32. Ne3 Ra1 33. b3 Rb1 34.
Kc2 Nxe4 35. Be1 Ra1 36. Kb2 Rxe1 37. Rxe1 Bf6 38. Kc2 Bxd4 39. Kd3 Bc3 40. Rh1
f5 41. Rh6 Bb4 42. Kc2 Bc5 43. Rxe6 Bxe3 44. Rxe3 Rxg2+ 45. Kd1 Rf2 46. R3xe4
fxe4 47. Rxe4 Kc6 48. Ke1 Rf3 49. Ke2 Rxb3 50. f5 Rh3 51. f6 Rh8 52. Ke3 Rf8
53. Re6 Kc5 54. Ke4 Kxc4 55. Kf5 Kd5 56. Re7 c5 57. f7 Kc4 58. Ke6 d5 59. Rb7
d4 60. Rxb6 d3 61. Rd6 Kc3 62. Rd5 c4 63. Rxa5 Kb4 64. Rd5 Kxa4 65. Ke7 Rxf7+
66. Kxf7 Kb3 67. Ke6 Kc2 68. Rd4 c3 69. Kd5 d2 70. Kc4 d1=Q 71. Rxd1 Kxd1 72.
Kxc3 1/2-1/2

[Event "1. liga - V 17/18, Brno-Gordic"]
[Site ""]
[Date "2018.01.21"]
[Round "6.2"]
[White "Holtman, Teodor"]
[Black "Ramik, Zdenek"]
[Result "0-1"]
[WhiteElo "2261"]
[BlackElo "2154"]
[PlyCount "0"]
[WhiteTeam "SK Gordic"]
[BlackTeam "Lokomotiva Brno A"]
[EventDate "2017.10.22"]

1. e4 e5 2. Nf3 d6 3. d4 exd4 4. Nxd4 Nf6 5. Nc3 Be7 6. g3 d5 7. e5 Ng4 8. Bg2
O-O 9. f4 c6 10. O-O f5 11. Re1 Na6 12. h3 Nh6 13. Be3 Nc5 14. b4 Ne6 15. a3
Nxd4 16. Qxd4 Be6 17. Red1 Rf7 18. Qd2 Qe8 19. b5 Bf8 20. bxc6 bxc6 21. Na4 Rc7
22. Qa5 Qf7 23. Bf1 Re8 24. c3 Kh8 25. Rd2 Ng8 26. Rb2 h6 27. Kh2 h5 28. Be2
Nh6 29. Nc5 Bxc5 30. Bxc5 Rec8 31. Rab1 Kh7 32. Ba6 Rg8 33. h4 Ng4+ 34. Kg2 d4
35. Bxd4 Bd5+ 36. Kg1 Be4 37. Re1 c5 38. Bxc5 Rc6 39. Bb7 Qd5 40. Bxc6 Qd3 41.
Bxe4 Qxg3+ 42. Kf1 fxe4 43. Qb4 Qf3+ 44. Bf2 Qh3+ 45. Ke2 Qd3# 0-1

[Event "1. liga - V 17/18, Brno-Gordic"]
[Site ""]
[Date "2018.01.21"]
[Round "6.4"]
[White "Piza, Vlastimil"]
[Black "Hosek, Martin"]
[Result "1-0"]
[WhiteElo "2250"]
[BlackElo "2120"]
[PlyCount "0"]
[WhiteTeam "SK Gordic"]
[BlackTeam "Lokomotiva Brno A"]
[EventDate "2017.10.22"]

1. e4 Nf6 2. e5 Nd5 3. d4 d6 4. c4 Nb6 5. exd6 cxd6 6. Nc3 g6 7. Bd3 Bg7 8.
Nge2 Nc6 9. Be3 O-O 10. O-O e5 11. d5 Ne7 12. b3 Bf5 13. f3 Bxd3 14. Qxd3 f5
15. f4 a6 16. Rad1 Rc8 17. fxe5 dxe5 18. d6 Nc6 19. d7 Rb8 20. c5 Na8 21. b4
Kh8 22. b5 axb5 23. Nxb5 Nc7 24. a4 Rf7 25. Qd6 Nxb5 26. axb5 Nd4 27. c6 bxc6
28. bxc6 Rf6 29. Qxe5 Nxc6 30. Qc5 Rb7 31. Bg5 Rc7 32. Nf4 Nb8 33. Qxc7 1-0

[Event "1. liga - V 17/18, Brno-Gordic"]
[Site ""]
[Date "2018.01.21"]
[Round "6.5"]
[White "Kratochvil, Milan"]
[Black "Haba, Zdenek"]
[Result "1-0"]
[WhiteElo "2229"]
[BlackElo "2171"]
[PlyCount "0"]
[WhiteTeam "Lokomotiva Brno A"]
[BlackTeam "SK Gordic"]
[EventDate "2017.10.22"]

1. e4 g6 2. d4 Bg7 3. Nc3 c5 4. dxc5 Bxc3+ 5. bxc3 Nc6 6. Be3 Qa5 7. Qd2 Nf6 8.
f3 O-O 9. Bd3 b6 10. cxb6 axb6 11. Ne2 Ba6 12. O-O Ne5 13. Rfb1 Nc4 14. Bxc4
Bxc4 15. Bxb6 Qa6 16. Nc1 Rfb8 17. Bd4 Rxb1 18. Rxb1 Bxa2 19. Ra1 Qe6 20. c4
Qxc4 21. c3 Rb8 22. Qxa2 1-0

[Event "1. liga - V 17/18, Brno-Gordic"]
[Site ""]
[Date "2018.01.21"]
[Round "6.6"]
[White "Seidl, Stepan"]
[Black "Slepov, Kyryl"]
[Result "1-0"]
[WhiteElo "2188"]
[BlackElo "2107"]
[PlyCount "0"]
[WhiteTeam "SK Gordic"]
[BlackTeam "Lokomotiva Brno A"]
[EventDate "2017.10.22"]

1. e4 c5 2. Nf3 d6 3. c3 Nf6 4. Be2 Nc6 5. d3 g6 6. O-O Bg7 7. Nbd2 O-O 8. Re1
b6 9. d4 cxd4 10. cxd4 Bb7 11. a3 Rc8 12. b4 d5 13. e5 Ne4 14. Bd3 Nxd2 15.
Bxd2 Qd7 16. Qa4 e6 17. b5 Na5 18. Bxa5 bxa5 19. Qxa5 Bh6 20. h4 Rc7 21. Ng5
Re8 22. Qxa7 Rc3 23. Re3 Qc7 24. Qa4 Ra8 25. Qd1 Raxa3 26. Rxa3 Rxa3 27. Bf1
Ra2 28. Qb3 Qa5 29. Qc3 Qd8 30. Re2 Ra8 31. Qc1 Ra4 32. Nxf7 Kxf7 33. Qxh6 Kg8
34. h5 Qh4 35. Rc2 1-0

[Event "1. liga - V 17/18, Brno-Gordic"]
[Site ""]
[Date "2018.01.21"]
[Round "6.8"]
[White "Zigo, Viktor"]
[Black "Di Liberti, Ivan"]
[Result "1-0"]
[WhiteElo "2248"]
[BlackElo "1792"]
[PlyCount "0"]
[WhiteTeam "SK Gordic"]
[BlackTeam "Lokomotiva Brno A"]
[EventDate "2017.10.22"]

1. e4 e5 2. Nf3 d6 3. d4 exd4 4. Nxd4 Nf6 5. Nc3 Be7 6. Be2 Nc6 7. Be3 Ne5 8.
h3 c5 9. Nf3 a6 10. a4 Be6 11. Ng5 Bc4 12. f4 Bxe2 13. Qxe2 Nc6 14. O-O O-O 15.
Rad1 Qb6 16. b3 h6 17. Nf3 Qb4 18. Qd3 Rad8 19. Rfe1 Na5 20. Bd2 c4 21. Qd4 Qc5
22. Qxc5 dxc5 23. Nd5 Nc6 24. bxc4 Nxd5 25. exd5 1-0

[Event "1. liga - V 17/18, Grygov-BSS"]
[Site ""]
[Date "2018.01.21"]
[Round "6.1"]
[White "Biolek, Richard"]
[Black "Rojicek, Vojtech"]
[Result "1/2-1/2"]
[WhiteElo "2456"]
[BlackElo "2390"]
[PlyCount "0"]
[WhiteTeam "Agentura 64 Grygov"]
[BlackTeam "BSS Frydek-Mistek "B""]
[EventDate "2017.10.22"]

1. d4 Nf6 2. c4 e6 3. Nc3 d5 4. Nf3 Be7 5. Bf4 O-O 6. e3 Nbd7 7. c5 c6 8. Bd3
b6 9. b4 a5 10. a3 Ba6 11. O-O Qc8 12. Rb1 Bxd3 13. Qxd3 axb4 14. axb4 Qb7 15.
Qc2 Ra3 16. Ra1 Rxa1 17. Rxa1 Ra8 18. Qb2 h6 19. h3 Bd8 20. Ra3 b5 21. Qa1 Rxa3
22. Qxa3 Ne8 23. Ne2 Nc7 24. Qa5 Qc8 25. Bxc7 Bxc7 26. Qa7 Bb8 27. Qa1 Qb7 28.
Ne5 Nf8 29. Nf4 f6 30. Neg6 Nxg6 31. Nxg6 Kf7 32. Nh4 Qa7 33. Qb1 f5 34. g4 g6
35. Nf3 Qa4 36. Ne1 Kf6 37. Nd3 Qa3 38. Qd1 Qc3 39. Kf1 Bc7 40. Ke2 Bb8 41. Qb1
Qa3 42. Kd2 Kf7 43. Ne1 Bc7 44. Nc2 Qa4 45. Kc3 Bb8 46. Kd2 Qa7 47. Ne1 Qa4 48.
Nd3 Qa3 49. f4 Bc7 50. Kc2 Kf8 51. Kd2 Kg7 52. Ne1 Kf7 53. Nc2 Qa4 54. Qg1 Bd8
55. Qg3 Qb3 56. h4 h5 57. g5 1/2-1/2

[Event "1. liga - V 17/18, Grygov-BSS"]
[Site ""]
[Date "2018.01.21"]
[Round "6.2"]
[White "Jasny, Stanislav"]
[Black "Obsivac, Josef"]
[Result "1/2-1/2"]
[WhiteElo "2377"]
[BlackElo "2335"]
[PlyCount "0"]
[WhiteTeam "BSS Frydek-Mistek "B""]
[BlackTeam "Agentura 64 Grygov"]
[EventDate "2017.10.22"]

1. Nf3 c5 2. c4 Nf6 3. Nc3 b6 4. g3 Bb7 5. Bg2 g6 6. O-O Bg7 7. a3 O-O 8. Rb1
d5 9. cxd5 Nxd5 10. Nxd5 Qxd5 11. Nh4 Qd7 12. Bxb7 Qxb7 13. b4 c4 14. b5 Nd7
15. Qc2 Rac8 16. Bb2 Bxb2 17. Rxb2 Rc5 18. Rb4 Rfc8 19. Ng2 Nf6 20. Ne3 Qd7 21.
a4 Qh3 22. f3 Qe6 23. Qc3 Ne8 24. Rf2 Nd6 25. Nc2 R8c7 26. Nd4 Qf6 27. e4 h5
28. Nc6 Qe6 29. e5 Nf5 30. Re2 Rd7 31. Re4 Rd3 32. Qc2 Rxf3 33. Rbxc4 Rd5 34.
Nb4 Rxe5 35. Nc6 Rxe4 36. Qxe4 Qxe4 37. Rxe4 Rd3 38. Nxe7+ Nxe7 39. Rxe7 Rxd2
40. Rxa7 Ra2 1/2-1/2

[Event "1. liga - V 17/18, Grygov-BSS"]
[Site ""]
[Date "2018.01.21"]
[Round "6.3"]
[White "Biolek, Richard"]
[Black "Piesik, Piotr"]
[Result "1/2-1/2"]
[WhiteElo "2410"]
[BlackElo "2371"]
[PlyCount "0"]
[WhiteTeam "Agentura 64 Grygov"]
[BlackTeam "BSS Frydek-Mistek "B""]
[EventDate "2017.10.22"]

1. g3 d5 2. Bg2 Nf6 3. Nf3 g6 4. O-O Bg7 5. c4 c6 6. b3 Ne4 7. d4 Bf5 8. Bb2
O-O 9. e3 a5 10. Nbd2 Nxd2 11. Qxd2 Nd7 12. cxd5 cxd5 13. Rfc1 Qb6 14. Ne5 Nxe5
15. dxe5 Rfd8 16. Qd4 Qxd4 17. Bxd4 e6 18. Rc7 b5 19. Bf1 b4 20. Bb5 Rdc8 21.
Rac1 Rxc7 22. Rxc7 g5 23. f4 g4 24. Kf2 Bf8 25. Ke2 Kg7 26. Bc6 Rb8 27. Ba7 Rd8
28. Bb6 Rb8 29. Bxa5 Kg6 30. Bb7 Bc5 31. Bxd5 Rb5 32. Bc6 Rxa5 33. e4 Rxa2+ 34.
Kd3 Ra7 35. exf5+ exf5 36. Rxa7 Bxa7 37. Be8 Kg7 38. Ke2 Bd4 39. Bd7 Kg6 40.
Kf1 h5 41. Kg2 Bc3 1/2-1/2

[Event "1. liga - V 17/18, Grygov-BSS"]
[Site ""]
[Date "2018.01.21"]
[Round "6.4"]
[White "Vesselovsky, Serguei"]
[Black "Zatloukal, Petr"]
[Result "1-0"]
[WhiteElo "2332"]
[BlackElo "2059"]
[PlyCount "0"]
[WhiteTeam "BSS Frydek-Mistek "B""]
[BlackTeam "Agentura 64 Grygov"]
[EventDate "2017.10.22"]

1. Nf3 Nf6 2. g3 g6 3. b3 Bg7 4. Bb2 O-O 5. Bg2 d5 6. c4 c6 7. O-O Nbd7 8. Qc2
b6 9. d3 Bb7 10. e4 dxe4 11. dxe4 c5 12. e5 Ng4 13. e6 Bxb2 14. Qxb2 Bxf3 15.
Bxf3 Nde5 16. Bd5 Qd6 17. exf7+ Nxf7 18. Nd2 Rac8 19. Ne4 Qe5 20. Qxe5 Ngxe5
21. f4 Nc6 22. Ng5 Ncd8 23. Rae1 Rc7 24. Bxf7+ Nxf7 25. Ne6 Rd7 26. Nxf8 Kxf8
27. f5 g5 28. Rd1 Rxd1 29. Rxd1 Nd6 30. g4 h5 31. gxh5 Kg7 32. h6+ Kxh6 33. f6
Nf5 34. fxe7 Nxe7 35. Rd7 1-0

[Event "1. liga - V 17/18, Grygov-BSS"]
[Site ""]
[Date "2018.01.21"]
[Round "6.5"]
[White "Zvolanek, Libor"]
[Black "Rabatin, Jakub"]
[Result "0-1"]
[WhiteElo "2144"]
[BlackElo "2254"]
[PlyCount "0"]
[WhiteTeam "Agentura 64 Grygov"]
[BlackTeam "BSS Frydek-Mistek "B""]
[EventDate "2017.10.22"]

1. Nf3 Nf6 2. g3 g6 3. Bg2 Bg7 4. O-O O-O 5. c4 d6 6. Nc3 a6 7. d4 Nc6 8. b3
Rb8 9. Bb2 b5 10. d5 Na5 11. cxb5 axb5 12. Rc1 b4 13. Nb1 Bb7 14. Ne1 Qd7 15.
Nc2 c5 16. dxc6 Bxc6 17. Bxc6 Nxc6 18. Nd2 Rfc8 19. Kg2 Qb7 20. Kg1 Ra8 21. a4
bxa3 22. Nxa3 Nd7 23. Bxg7 Kxg7 24. Ra1 Nc5 25. Qb1 Qb4 26. Qb2+ Qd4 27. Rfb1
Rcb8 28. Nc2 Qxb2 29. Rxb2 Rxa1+ 30. Nxa1 Nb4 31. Nc2 Nca6 32. Kg2 Rc8 33. Nxb4
Nxb4 34. Nc4 d5 35. Nb6 Rc6 36. Na4 e5 37. Rd2 f6 38. Nb2 Rc3 39. Nd3 Nxd3 40.
Rxd3 d4 41. f4 Kf7 42. fxe5 fxe5 43. Kf2 Rc2 44. Ke1 Ke6 45. Rd2 Rxd2 46. Kxd2
e4 47. e3 d3 48. Kc3 Kd5 49. b4 Kc6 50. Kb2 Kb5 51. Kb3 d2 52. Kc2 Kxb4 53.
Kxd2 Kb3 54. h4 h5 55. g4 Kb2 0-1

[Event "1. liga - V 17/18, Grygov-BSS"]
[Site ""]
[Date "2018.01.21"]
[Round "6.6"]
[White "Novosadova, Kristyna"]
[Black "Sochor, Stanislav"]
[Result "1-0"]
[WhiteElo "2245"]
[BlackElo "2090"]
[PlyCount "0"]
[WhiteTeam "BSS Frydek-Mistek "B""]
[BlackTeam "Agentura 64 Grygov"]
[EventDate "2017.10.22"]

1. e4 e6 2. d4 d5 3. Nc3 Bb4 4. e5 c5 5. a3 Bxc3+ 6. bxc3 Qc7 7. Bd2 b6 8. h4
h5 9. Be2 g6 10. Nf3 Ba6 11. Bxa6 Nxa6 12. Qe2 Nb8 13. O-O Nh6 14. c4 dxc4 15.
Qxc4 Nf5 16. Bc3 Qc6 17. dxc5 bxc5 18. Rfd1 Nd7 19. Ng5 Nb6 20. Qf4 Nd5 21. Qf3
Rc8 22. Be1 Qa4 23. Rxd5 exd5 24. Qxd5 Qd7 25. Qc4 O-O 26. Bc3 Nd4 27. Re1 Qg4
28. Re4 Qd1+ 29. Kh2 Kg7 30. e6 f5 31. Rxd4 cxd4 32. Bxd4+ Kh6 33. e7 Rh8 34.
Bxh8 Rxc4 35. e8=Q Rxh4+ 36. Nh3 Qd6+ 37. Be5 Rxh3+ 38. gxh3 Qc5 39. Qh8+ Kg5
40. f4+ 1-0

[Event "1. liga - V 17/18, Grygov-BSS"]
[Site ""]
[Date "2018.01.21"]
[Round "6.7"]
[White "Svancara, Petr"]
[Black "Holeksa, Zdenek"]
[Result "0-1"]
[WhiteElo "2117"]
[BlackElo "2229"]
[PlyCount "0"]
[WhiteTeam "Agentura 64 Grygov"]
[BlackTeam "BSS Frydek-Mistek "B""]
[EventDate "2017.10.22"]

1. e4 c5 2. Nf3 d6 3. d4 cxd4 4. Nxd4 Nf6 5. Bb5+ Nbd7 6. O-O a6 7. Bc4 Nxe4 8.
Re1 Ndf6 9. f3 Nc5 10. b4 Ncd7 11. Nf5 Qb6+ 12. Be3 Qc6 13. Nd2 Ne5 14. Nd4 Qc7
15. Bb3 g6 16. b5 Bg7 17. b6 Qd8 18. a4 O-O 19. a5 Bd7 20. h3 Rc8 21. f4 Nc6
22. Nc4 Nd5 23. Nxc6 Bxc6 24. Bd4 Nxf4 25. Bxg7 Kxg7 26. Qd4+ e5 27. Nxe5 dxe5
28. Qxe5+ Qf6 29. Qxf6+ Kxf6 30. Rf1 Kg5 0-1

[Event "1. liga - V 17/18, Grygov-BSS"]
[Site ""]
[Date "2018.01.21"]
[Round "6.8"]
[White "Kanak, Filip"]
[Black "Bares, Jachym"]
[Result "1-0"]
[WhiteElo "1966"]
[BlackElo "2060"]
[PlyCount "0"]
[WhiteTeam "BSS Frydek-Mistek "B""]
[BlackTeam "Agentura 64 Grygov"]
[EventDate "2017.10.22"]

1. e4 e5 2. Nf3 Nc6 3. Bb5 a6 4. Ba4 Nf6 5. O-O Be7 6. Re1 b5 7. Bb3 O-O 8. c3
d5 9. exd5 Nxd5 10. Nxe5 Nxe5 11. Rxe5 c6 12. d4 Bd6 13. Re1 Qh4 14. g3 Qh3 15.
Qf3 Bg4 16. Qg2 Qh5 17. Be3 Bf3 18. Qf1 f5 19. Nd2 f4 20. Bxf4 Rxf4 21. Nxf3
Rxf3 22. Bd1 Raf8 23. Bxf3 Qxf3 24. Qg2 Qxg2+ 25. Kxg2 Kf7 26. a4 Re8 27. axb5
Rxe1 28. Rxe1 axb5 29. f4 Kf6 30. Kf3 h5 31. Ra1 Ke6 32. Ra6 Kd7 33. Ra7+ Bc7
34. Ke4 g6 35. h3 Ke6 36. Ra6 Kd7 37. Ra7 Ke6 38. Ra6 Nf6+ 39. Kf3 Kd5 40. g4
hxg4+ 41. hxg4 Ne4 42. f5 g5 43. Ra7 Bf4 44. Rd7+ Bd6 45. Rg7 b4 46. Rg6 Be7
47. Re6 1-0

[Event "1. liga - V 17/18, Trinec-Ostrava"]
[Site ""]
[Date "2018.01.21"]
[Round "6.1"]
[White "Bulski, Krzysztof"]
[Black "Klima, Lukas"]
[Result "1-0"]
[WhiteElo "2535"]
[BlackElo "2312"]
[PlyCount "0"]
[WhiteTeam "TZ Trinec"]
[BlackTeam "TJ Ostrava "A""]
[EventDate "2017.10.22"]

1. e4  c5  2. Nf3  Nc6  3. d4  cxd4  4. Nxd4 
Nf6  5. Nc3  e5  6. Ndb5  d6  7. Bg5  a6 
8. Na3  b5  9. Nd5  Be7  10. Bxf6  Bxf6  11. c3  Bg5  12. Nc2  O-O  13. a4
 bxa4  14. Rxa4  a5  15. Bc4  Rb8  16. Ra2 
Kh8  17. Nce3  Be6  18. h4  Bxe3  19. Nxe3  Qc7  20. Qd3  Bxc4  21. Qxc4  Rfc8  22. O-O  Qe7  23. Nf5  Qf6  24. Qd5  Ne7  25. Qxd6  Nxf5  26. Qxf6 
gxf6  27. exf5  Rb5  28. Rfa1  Kg7  29. Kf1  Rcb8  30. Ke1  e4  31. Rxa5 
Rxb2  32. R1a2  Rb1+  33. Ke2  Rc8  34. Rc2  Rc4  35. g3  Rb3  36. Kd2  Rb7
 37. Rd5  Re7  38. Rd4  Rc5  39. Ke3  Rec7 
40. c4  Rxf5  41. Rxe4  Ra5  42. Rd4  Kg6  43. Kd2  Kf5  44. Kc3  Ra3+  45.
Kb4  Ra8  46. Rf4+  Kg6  47. Rb2  Rd8  48. Kc3  Rd1  49. Kc2  Rd6  50. Rb5  h5  51. Kc3  Rd1  52. Kc2  Rd6  53. Kc3  Rd1
 54. Rb2  Rc1+  55. Rc2  Re1  56. Kd2  Re5 
57. Kd3  Ra5  58. Rc3  f5  59. Rb3  Re7  60. Rb5  Rd7+  61. Kc3  Ra3+ 
62. Kb2  Rdd3  63. Rfxf5  Rf3  64. Rg5+  Kf6  65. Rb6+  Ke7  66. Rxh5  Ra4 
67. Re5+  Kf8  68. Re2  Rxc4  69. Rb3  Rf5  70. Rc3 Ra4  71. Rcc2  Kg7  72. Kc3  Ra3+  73. Kd4  Kg6 
74. Re3  Ra1  75. Kd3  Rh1  76. Ke4  f6  77. f4  Ra5  78. Kf3  Raa1  79.
Rc5  Rhf1+  80. Kg4  1-0

[Event "1. liga - V 17/18, Trinec-Ostrava"]
[Site ""]
[Date "2018.01.21"]
[Round "6.2"]
[White "Koziol, Kamil"]
[Black "Szotkowski, Jakub"]
[Result "1/2-1/2"]
[WhiteElo "2293"]
[BlackElo "2362"]
[PlyCount "0"]
[WhiteTeam "TJ Ostrava "A""]
[BlackTeam "TZ Trinec"]
[EventDate "2017.10.22"]

1. e4  c6  2. d4  d5  3. e5  Bf5  4. Nf3  e6
 5. Be2  Nd7  6. O-O  Ne7  7. Re1  Bg6  8. h3
 Nf5  9. c3  Be7  10. Bf4  O-O  11. Nbd2 
Qb6  12. b4  Nh4  13. Nb3  Nxf3+  14. Bxf3  Qc7  15. a4  Nb6  16. Be2 
Nc4  17. Bxc4  dxc4  18. Nd2  a5  19. bxa5  Bd3  20. Qg4  Qxa5  21. Ne4 
Bxe4  22. Rxe4  Qxc3  23. Rc1  Qa3  24. Bh6  g6  25. Rxc4  Rfe8  26. Rf4 
Rxa4  27. Rxa4  Qxa4  28. Qf3  Qa3  29. Rxf7  Qxf3  30. Rxf3  Rd8  31. Rb3 
Rd7  32. Be3  Kf7  33. f4  Ke8  34. Kf2  b5  35. g4  Rd8  36. Kf3  Kd7
 37. Ke4  Ra8  38. Rb1  Ra2  39. Rh1  b4  40.
Kd3  Ra3+  41. Ke2  Ra2+  42. Kd3  Ra3+  43. Ke2  Kc7  44. Rb1  Ra2+ 
45. Kd3  Rh2  46. Bd2  Rxh3+  47. Ke4  c5  48. dxc5  Bxc5  49. f5  gxf5+ 
50. gxf5  Rh4+  51. Bf4  Bf8  52. Kf3  exf5  53. e6+  Kc6  54. Bg5  Re4 
55. e7  Bxe7  56. Bxe7  Rxe7  57. Rxb4  Kd5  58. Rb5+  Ke6  59. Kf4  Rc7 
60. Re5+  1/2-1/2